| 000 | 00715cam a22002413a 4500 | ||
|---|---|---|---|
| 001 | 23546 | ||
| 003 | PGUSA | ||
| 005 | 20140828083513.0 | ||
| 008 | 071119s2007||||xxu|||||s|||||000 | eng d | ||
| 040 |
_aPGUSA _beng |
||
| 042 | _adc | ||
| 050 | 4 | _aHC | |
| 100 | 1 |
_aGilson, Jewett C. _q(Jewett Castello), _d1844-1926 |
|
| 245 | 1 | 0 |
_aWealth of the World's Waste Places and Oceania _h[electronic resource] / _cJewett C. Gilson |
| 260 |
_bProject Gutenberg, _c2007 |
||
| 506 | _aPublic domain in the USA. | ||
| 516 | _aElectronic text | ||
| 653 | _aOceania -- Economic conditions | ||
| 653 | _aWaste lands | ||
| 830 | 0 |
_aProject Gutenberg _v23546 |
|
| 856 | 4 | 0 | _uhttp://www.gutenberg.org/ebooks/23546 |
| 942 | _cEB | ||
| 999 |
_c252801 _d252801 |
||